000 01353nam0a2200325 4500
001 RU\NLR\bibl\1653743
005 20250616034323.0
010 _a978-5-903158-07-2
_93000
021 _aRU
_b2010-42595
_92855
035 _a(NLR Aleph) 001645061
090 _a886154
_c886154
100 _a20100708d2010 |||y0rusy50 ca
101 0 _arus
102 _aRU
105 _aa |||||||||
200 1 _aНемецкая система
_eиз чего сделана Германия и как она работает
_fСумленный Сергей
210 _aМосква
_cГруппа Эксперт
_d2010
215 _a453, [2] с.
_cцв. ил.
_d23
300 _aНа 4-й с. обл. авт.: C. Сумленный журналист, политолог-германист
517 0 _aИз чего сделана Германия и как она работает
607 _aФедеративная Республика Германия
_xИстория
_91143345
_3RU\NLR\auth\66136938
686 _aТ3(4Г)65,02
700 1 _aСумленный
_bС. С.
_gСергей Сергеевич
_4070
801 0 _aRU
_bNLR
_c20100708
_gRCR
801 1 _aRU
_bNLR
_c20100708
830 _aАвт. раскрыт по базе
942 _cBOOK
980 _aNB